000 00450nam a22001817a 4500
003 LK-CoDNM
005 20241220130858.0
008 241220b |||||||| |||| 00| 0 eng d
040 _aLK-CoDNM
_dLK-CoDNM
_eLK-CoDNM
041 _aeng
080 _a2
_bQ14
100 _ahenri Thomas
245 _aCATALOGUE OF FOSSIL CIRRIPEDIA
260 _bLONDN
_cORDER OF THE TRUSTEES
_g1935
300 _a87p. ; 23 cm
650 _ascience
942 _cBK
999 _c233848
_d233848